British Sports Stars By Surname - The Letter K (Photo Quiz) - Statistics

General Stats
  • This quiz has been taken 53 times
  • The average score is 7 of 14
Answer Stats
Picture Hint Answer % Correct
Born 1993 Football Harry Kane
98%
Born 1986 Boxing Amir Khan
84%
Born 1951 Football Kevin Keegan
80%
Born 1992 Cycling (Track) Laura Kenny
67%
Born 1988 Cycling (Track) Jason Kenny
58%
Born 1960 Hockey Sean Kerly
40%
Born 1955 Snooker Tony Knowles
38%
Born 1990 Cricket Heather Knight
36%
Born 1969 Cricket Nick Knight
36%
Born 1997 Athletics Josh Kerr
33%
Born 1946 Cricket Alan Knott
31%
Born 1993 Football Fran Kirby
29%
Born 1989 Athletics Richard Kilty
20%
Born 1964 Athletics Bev Kinch
7%
No matching quizzes found
Score Distribution
Percent of People with Each Score
Percentile by Number Answered
Your Score History
You have not taken this quiz